|
|
|
|
| LEADER |
00000nab a2200000 a 4500 |
| 001 |
vtls008900775 |
| 003 |
SK-MaSNL |
| 005 |
20260304150255.0 |
| 008 |
250505c2005 xo mr|p|||||||000 b|slo |
| 015 |
|
|
|a SNBRB2006/12
|2 snkbucl
|
| 035 |
|
|
|a (uuid)50a4397d-d3eb-410b-b27f-3949263dd29d
|
| 035 |
|
|
|a urn:nbn:sk:snk-abyy7
|
| 035 |
|
|
|a (urnnbn)urn:nbn:sk:snk:ar-a06oxk
|
| 038 |
|
|
|a SNKBUCL
|
| 040 |
|
|
|a SNKBUCL
|b slo
|c SNKBUCL
|e AACR2
|
| 041 |
0 |
|
|a eng
|
| 044 |
|
|
|a xo
|c SK
|
| 080 |
|
|
|a 581.526.6/.7
|x (437.6)
|2 1997
|
| 080 |
|
|
|a 581.9
|x (437.6)
|2 1997
|
| 100 |
1 |
|
|a Zaliberová, Marica
|4 aut
|9 47843
|
| 245 |
1 |
0 |
|a Preliminary survey of the synanthropic plant communities of the Muránska Planina National Park
|c Marica Zaliberová, Ivan Jarolímek
|
| 504 |
|
|
|a Bibliogr. odkazy
|
| 546 |
|
|
|a Res. angl.
|
| 650 |
0 |
7 |
|a synantropná vegetácia
|2 snkbucl
|9 93686
|
| 650 |
0 |
7 |
|a ruderálne rastlinné spoločenstvá
|2 snkbucl
|9 93701
|
| 650 |
0 |
7 |
|a segetálne rastlinné spoločenstvá
|2 snkbucl
|9 1455928
|
| 650 |
0 |
7 |
|a invázne druhy rastlín
|2 snkbucl
|9 75118
|
| 650 |
0 |
7 |
|a nepôvodné druhy rastlín
|2 snkbucl
|9 101605
|
| 651 |
|
7 |
|a Národný park Muránska planina (Slovensko)
|2 snkbucl
|9 13212
|
| 700 |
1 |
|
|a Jarolímek, Ivan,
|d 1954-
|4 aut
|9 113758
|
| 773 |
0 |
|
|t Thaiszia. Journal of botany
|g Vol. 15, Suppl. 1 (2005), s. 27-33
|x 1210-0420
|
| 850 |
|
|
|a Slovenská národná knižnica
|
| 852 |
|
|
|a Slovenská národná knižnica
|
| 958 |
|
|
|a article27
|
| 958 |
|
|
|a NB
|
| 958 |
|
|
|a SK
|
| 958 |
|
|
|a OND
|
| 958 |
|
|
|a EUIPO
|
| 999 |
|
|
|c 2938258
|d 2940188
|